Quizzes
Events
Quiz Creation
Community
Videos
Private Events
Remove Ads
Sign In
Join for FREE
Feedback
Dark Mode
Quiz Categories
Sports
Geography
Music
Movies
Television
Just For Fun
Miscellaneous
History
Literature
Language
Science
Gaming
Entertainment
Religion
Holiday
For Kids
Quiz Lab
Recent
Popular Today
Quiz Kudos Today
Editor Picks
Curator Picks
Quizzes by...
Day
Popularity
Type
Ratings
Length
Year
Community
Subscriptions
Recent Discussions
Orange Saloon
Badges
Playlists
Quests
Create
Leaderboards
Showdown
Live 5
Trivia Bingo
Activity
Puzzle Library
Sporcle Events
Private Events
Virtual Trivia
Globe League
Become a Host
Pub Owners
SporcleCon
Opinionation
Our Games
Videos
Blog
Mobile Apps
Partnerships
Remove Ads and Go Orange
Feedback
Music
Pop Music
The Beatles
Song
Album
Lyrics
Bands
Singers
Artist
Clip
Rock
Rap
Classical
Billboard
Country Music
Kpop
Taylor Swift
Music
Pop Music
The Beatles
Song
Album
Lyrics
Bands
Singers
Artist
Clip
Rock
Rap
Classical
Billboard
Country Music
Kpop
Taylor Swift
Random Quiz
Search Sporcle
×
Quiz Lab
Quiz Lab
Music
Album
Type in answers that appear in a list
Type in answers that appear in a list
Classic
Best Score? Go Orange.
Jon Foreman Album Songs Stats
Can you name the songs off of all Jon Foreman's studio albums?
By
Loona
5m
36 Questions
22 Plays
22 Plays
22 Plays
Comments
Comments
Give Quiz Kudos
Give Quiz Kudos
-
- Ratings
hide this ad
Replay
Link that replays current quiz
Next Quiz
Link to next quiz in quiz playlist
You Got
0%
They Got
Avg Score
86%
Avg Friend Score
Upgrade to see
Score Distribution
Jump to the score distribution portion of the page
Score
0/36
Timer
05:00
0
Plays Today
Album
Song
% Correct
Fall
Southbound Train
100%
Limbs and Branches
Southbound Train
100%
Winter
Learning How to Die
95.5%
Winter
Somebody's Baby
95.5%
Spring
March (A Prelude to Spring)
95.5%
Spring
Your Love Is Strong
95.5%
Limbs and Branches
Your Love Is Strong
95.5%
Limbs and Branches
Learning How to Die
95.5%
Fall
The Cure for Pain
90.9%
Winter
Behind Your Eyes
90.9%
Winter
White as Snow
90.9%
Winter
I Am Still Running
90.9%
Limbs and Branches
Behind Your Eyes
90.9%
Limbs and Branches
The Cure for Pain
90.9%
Fall
Equally Skilled
86.4%
Winter
In Love
86.4%
Spring
Revenge
86.4%
Summer
A Mirror Is Harder to Hold
86.4%
Album
Song
% Correct
Summer
Resurrect Me
86.4%
Summer
Instead of a Show
86.4%
Summer
Again
86.4%
Limbs and Branches
Resurrect Me
86.4%
Limbs and Branches
Instead of a Show
86.4%
Limbs and Branches
A Mirror Is Harder to Hold
86.4%
Fall
Lord, Save Me from Myself
81.8%
Fall
The Moon Is A Magnet
81.8%
Spring
Baptize My Mind
81.8%
Summer
Deep in Your Eyes (There Is a River)
81.8%
Summer
The House of God, Forever
81.8%
Limbs and Branches
Broken from the Start
81.8%
Limbs and Branches
The House of God, Forever
81.8%
Fall
My Love Goes Free
77.3%
Spring
In My Arms
77.3%
Limbs and Branches
In My Arms
77.3%
Spring
Love Isn't Made
72.7%
Limbs and Branches
Over the River
72.7%
Quiz Playlist
Details
Report
Send in Message
Add To Playlist
Classic:
Type in answers that appear in a list
Last Updated: Feb 16, 2017
Quiz Scoreboard
CHALLENGE
Sign Up to Join the Scoreboard
Show All
Scores
Hide
Comments
May contain spoilers
Recently Published
Billboard Blitz: Fleetwood Mac
by CooCooCachoo
Music
15s
Presidents Visiting Landmarks
by Hejman
History
7m
An Introduction to Baseball
by treessimontrees
Sports
5m
More to Explore
Quiz From the Vault
Featured Blog Post
Where Did the Easter Bunny Come From?
hide this ad
You Might Also Like...
Tags
Album Quiz
Song Quiz
Foreman
jon
studio
Today's Top Quizzes in Music
Browse Music
hide this ad
Today's Top Quizzes in Album
Browse Album
Top Contributed Quizzes in Music
1
Taylor Swift All Songs (2024)
2
Guess the Artist- 70s Songs
3
7-to-1: Billboard Hot 100 #1 Hits of 2010s
4
Sorting Albums and Songs
5
Taylor Swift Logic Puzzle
6
KPOP LOGIC QUIZ
7
One Thing in Common: Music
8
Guess the Taylor Swift song (Mystery Song)
9
2010s Album by Cover III
10
Guess The Taylor Swift Lyrics Song #1
Explore More
Trending Topics
Disney
Marvel
Harry Potter
Anime
Kpop
NBA
Crossword
Pokémon
The Office
Country
WWE
NFL
Puzzle
Song
Soccer
hide this ad
More By:
Loona
Quiz
Plays
Rating
Category
Featured
Created
Amino Acid Abbreviations (3-Letter)
253,817
4.18
Science
Nov 17, 2009
Mammals by Order
92,432
4.26
Science
Jan 31, 2010
Countries with the Most Mammals
38,987
4.66
Science
Dec 31, 2009
Mitosis Stages
38,358
4.56
Science
Jan 2, 2010
Amino Acid Abbreviations (1-letter)
19,431
4.20
Science
Nov 17, 2009
Go to Creator's Profile
Score Distribution
Quiz Creator Spotlight
Loona
Follow
Send a Message
Quizzes Created
-
Created Quiz Play Count
-
More By This Creator
Popular Quizzes Today
1
Find the US States - No Outlines Minefield
2
Find the Countries of Europe - No Outlines Minefield
3
The Countries of the World
4
Find the US States
5
Risky Map Clicking: Biggest States A-Z
6
US States
7
Popular People in 1961
8
Movies - When Are They Set?
More Music Quizzes
20 to 1: Famous Songs
Quiz Lab
Trending Quizzes
Risky Map Clicking: Least Populous States A-Z
1-10 Letter G Words
1-10 Letter F Words
Risky Map Clicking: Next State Alphabetically
Risky Map Clicking: Biggest States A-Z
Recently Updated
Leaping Animals
pecheneg
Reality TV Shows (A-Z)
bhenderson79
Rickey Henderson's Hall of Fame Teammates
pecheneg
Champions League XIs: Arsenal
pecheneg
Quick Pick: Celebrities in WWE's Hall of Fame
aduchscher
A-Z Keypad Blitz II
pecheneg
Multiple Oscar Actors
pecheneg
Mystery Phrase Blitz: Oscar 'Best Actors'
pecheneg
F. Scott Fitzgerald Novels
LTH
Pick 3 Villains
ddd62291
Trending Topics
Kpop
Disney
Marvel
NBA
Harry Potter
Crossword
Anime
Puzzle
Song
Soccer
Pokémon
The Office
Country
NFL
WWE
Your Account Isn't Verified!
In order to create a playlist on Sporcle, you need to verify the email address you used during registration. Go to your
Sporcle Settings
to finish the process.
Report this User
Report this user for behavior that violates our
Community Guidelines
.
Details:
Send Report
Go to the Sporcle.com Mobile Site →
Comments